| 000 | nam a22 a 4500 | ||
|---|---|---|---|
| 999 |
_c134038 _d134038 |
||
| 003 | BLK | ||
| 005 | 20201013145524.0 | ||
| 008 | 180409b bul|||||r ||||||| ||bul|| | ||
| 010 | _aKNG00139942000 | ||
| 040 | _aBLK | ||
| 041 |
_aBUL _cBUL |
||
| 072 | 7 |
_2bullib _aЦ _xРедки и ценни |
|
| 080 |
_aСпоред отношението към проблема за духа и свободата на волята. Вж и 159. 947;17. 021;23 _b141.5 _z141.5 |
||
| 080 |
_aВоля. Желание. Свобода на волята. Избор. Решение. Възпитаване на волята. Детерминация. Самодисциплина. Намерения. Подбуди. Желания _b159.947 _z159.947 |
||
| 100 | 1 |
_aRenard, Georges _eпърви автор _9324224 |
|
| 139 |
_aРенар, Жорж Франсоа _bР 52 |
||
| 245 | 1 | 0 |
_aСвободен ли е человек? _cGeorges Renard; * Жорж Франсоа Ренар; прев. от фр. Х. Ч.; прев. от фр. Т. С.. |
| 257 | _aFRA | ||
| 260 |
_bкниж. Г. Н. Петков и сие _c1896 _fКазанлък : печ. Надежда _aКазанлък |
||
| 300 |
_a155, III, II с. _c18 см |
||
| 380 | _a1 | ||
| 500 | _aНа кор. изд. 1897. | ||
| 650 | 4 |
_aСвобода - философски проблеми _9281211 |
|
| 650 | 4 |
_aСвобода на личността _9246163 |
|
| 650 | 4 |
_aСвобода на съвестта _9323902 |
|
| 653 | _aсвобода | ||
| 653 | _aсвобода на личността | ||
| 659 | _aЦ | ||
| 700 | 1 |
_aРенар, Жорж Франсоа _e* _9324225 |
|
| 700 | 1 |
_aХ. Ч. _eпрев. от фр. _9324226 |
|
| 700 | 1 |
_aТ. С. _eпрев. от фр. _9324227 |
|
| 852 |
_aРб 896 _bРц |
||
| 856 | 4 | _qpdf | |
| 856 | 4 | _qpdf | |
| 942 |
_cKNG _n0 _s1 |
||
| 944 |
_aCR _c22.02.2013 _lф / 22.02.2013 _kНаталия_Медовщикова |
||
| 944 |
_aED _c22.02.2013 _lф / 22.02.2013 |
||
| 999 | _d134038 | ||